| 000 | 00430nam a22001457a 4500 | ||
|---|---|---|---|
| 003 | OSt | ||
| 008 | 240828b |||||||| |||| 00| 0 eng d | ||
| 020 | _a9788129136770 | ||
| 082 |
_a295.00 _bCHN |
||
| 100 | _aCHATTERJEE, satischandra | ||
| 245 | _aNyaya theory of Knowledge : a critical study of some problems of logic and metaphysics | ||
| 260 |
_aNew Delhi: _bRupa Publication, _c2015. |
||
| 300 | _axxii,423p. | ||
| 942 |
_2ddc _cBK |
||
| 999 |
_c12839 _d12839 |
||